000 00742nam a2200229 a 4500
001 000015590
005 20240530073918.0
008 100215s2002 dr 000 f spa d
020 _a9993402990
040 _aDO-SdBNP
_bspa
_cBNPHU
082 _aRD863.44
_bM385s, 2002
100 1 _aMartínez Montero, Juan
_912225
245 1 0 _aSucesos extraños alrededor de una casa /
_cJuan Martínez Montero.
250 _a2a ed.
260 _aSanto Domingo :
_bCocolo,
_c2002.
300 _a68 p. ;
_c22 cm.
500 _aIncluye breve biografía del autor en la solapa de la cubierta
590 _aInventariado, 2018/LP
650 0 _aNovela dominicana
_9223
650 0 _aLiteratura dominicana.
_967
910 _aValidado. Control de calidad MFF
999 _c15145
_d15145